000 00607nam a2200193Ia 4500
005 20250508155128.0
008 008 250505s9999 xx 000 0 eng d
037 _aTextual
040 _aFEDL
_beng
_cFEDL
041 _aeng
_2eng
084 _a028.55, IND
_qFEDL
245 0 _aReading interests of the new reading public and juvenile readers in hindi
245 0 _cGovernment of India Minisitry of Education
260 _aNew Delhi, India
_bGovernment of India
_c1961
300 _a60p.
650 _aReading Habits
_9766709
942 _cTEXL
_h028.55, IND
999 _c1354489
_d1354489